| 000 | 00733nam a2200193 a 4500 | ||
|---|---|---|---|
| 001 | 000048545 | ||
| 005 | 20201002061230.0 | ||
| 008 | 190329s2017 dr ac r 000 0 spa d | ||
| 020 | _a9789945087475 | ||
| 040 |
_aDO-SdBNP _bspa _cBNPHU |
||
| 082 |
_axxxx _bF363n |
||
| 100 | 1 |
_aFernández Gómez, Joaquín _976010 |
|
| 245 | 1 | 0 |
_aNuestra huella : _bprimeros 25 años del Centro Español / _cJoaquín Fernández Gómez ; redacción, composición, corrección y cuidado de edición Carmen Pérez Valerio. |
| 260 |
_aSanto Domingo : _bCentro Español, _c2017. |
||
| 300 |
_a895 p. : _bil., retrs. ; _c32 cm. |
||
| 504 | _aBibliografía : p. 895 | ||
| 590 | _aInventariado, 2019/BT | ||
| 700 | 1 |
_aPérez Valerio, Carmen, _ecorr., ed. _924605 |
|
| 999 |
_c48033 _d48033 |
||